000 00947cam a2200193 4500
001 X123246
008 030808n2003 000 0 eng u
035 _a(Sirsi) u123246
100 _aWong, L.
245 _aAdjudication in China - is it the answer?
260 _c2003
490 _aRICS Dispute Resolution Faculty Feature
520 _aA report by the adjudicator on the first use of adjudication to resolve a construction dispute in China. Whilst litigation, arbitration and conciliation are widely used in China adjudication is a relatively new method of alternative dispute resolution in the country and is not covered by any legislation at present. View at www.rics.org/dr.
650 _aMANAGEMENT-DISPUTE AVOIDANCE, MANAGEMENT AND RESOLUTION-DISPUTE MANAGEMENT AND RESOLUTION-ALTERNATIVE DISPUTE RESOLUTION-ADJUDICATION
650 _aCHINA
650 _aCONSTRUCTION DISPUTES
690 _aDispute resolution
_96236
942 _n0
999 _c73198
_d73198